| 000 | 00686nam a22001817a 4500 | ||
|---|---|---|---|
| 008 | 240415b |||||||| |||| 00| 0 eng d | ||
| 020 | _a0226137260. | ||
| 050 | _aHC106.3.C714 | ||
| 100 |
_aDavid Martin. _952642 |
||
| 245 |
_aHorizontal equity,uncertainty,and economic well being. _cMartin David |
||
| 260 |
_aChicago: _bThe University of Chicago Press, _c1985. |
||
| 300 |
_a523p, _c24cm, |
||
| 650 |
_aUnited States, _vcongrsses, _xcost and standard of living. _952643 |
||
| 650 |
_aUnited States, _vcongresses, _xquality of life. _952644 |
||
| 650 |
_aUnited States, _vincome distribution, _xcongresses. _952645 |
||
| 650 |
_vcongresses, _xuncertainty, _952646 |
||
| 942 |
_2lcc _cMONOGRAPH |
||
| 999 |
_c131864 _d131864 |
||